000 00963nam a22003257a 4500
003 CHAP
005 20220329140208.0
008 971013s1964 r 00010 d
010 _a48395
011 _a49367
035 _a53515
040 _cCHAP
082 _a519.5
_bR6 1964
100 0 0 _aRichmond, Samuel B.
_997300
245 _aStatistical analysis
250 _a2 ed.
260 _aNew York :
_bRonald,
_c1964
300 _a633 p.
590 _aBATCH-UPD
_b10
_c20130110
_lUCH01
_h0232
590 _aBATCH-UPD
_b10
_c20130110
_lUCH01
_h1739
590 _aBATCH-UPD
_b10
_c20130409
_lUCH01
_h2256
590 _aBATCH-UPD
_b10
_c20130410
_lUCH01
_h1418
590 _aBATCH-UPD
_b10
_c20130914
_lUCH01
_h0348
590 _aCONVERSION
_b10
_c20130109
_lUCH01
_h1326
650 1 4 _aAnálisis estadístico.
_95984
650 1 4 _aEstadística.
_938241
901 _aBK
942 _cLIBRO
949 _a519.5 R6 1964
_bBC
_cLIBRO
_d33724000388781
_eLIBRO
_h33009
_i53515
_si
999 _c48395
_d48395